00402nam a2200121Ia 4500001000400000008004100004082002000045100009700065245006100162260001400223901002800237999001500265698241024s9999 xx 000 0 und d aRD/305.42/R426a aRepública Dominicana. Escuela Nacional de Formación Electoral y del Estado Civil (EFEEC) 0aAcceso de la mujer a la toma de desiciones en política bJCEc2008 a29/11/2010 9:00:04 a.m. c9866d9866